000 00315nam a22001457a 4500
008 210428b ||||| |||| 00| 0 eng d
020 _a9781269943772
041 _aeng
080 _22nd
_a53
082 _253
100 _a43
101 _aFIZ
245 _aConceptual Physics
_cPaul G. Hewitt
942 _2udc
_cBK
999 _c56867
_d56867